01403cam a22003735a 45000010009000000050017000090080041000260100017000670150019000840160018001030200024001210200024001450350024001690400049001930410013002420420027002550820020002821000032003022450040003342500012003742600034003863000045004204400052004655000044005175040051005615460034006126500021006466500018006678560091006858560092007769420012008689990017008809520132008971481366120081016124829.0070419s2008 nyua b 001 0 eng  a 2007927162 aGBA7905882bnb7 a0142760942Uk a9780387757230(hbk.) a9780387757247(hbk.) a(OCoLC)ocn181068650 aUKMcUKMdBAKERdBTCTAdYDXCPdOHXdRRRdDLC1 aenghjpn aukblcatcopyalccopycat04a621.36222bLIZ1 aIizuka, Keigo,d1931-9575010aEngineering optics /cKeigo Iizuka. a3rd ed. aNew York :bSpringer,cc2008. axx, 525 p. :bill. (some col.) ;c25 cm. 0aSpringer series in optical sciences ;v3595751 aPrevious ed. of this translation: 1987. aIncludes bibliographical references and index. aTranslated from the Japanese. 0aPhotonics.95752 0aOptics.95753423Publisher descriptionuhttp://www.loc.gov/catdir/enhancements/fy0826/2007927162-d.html413Table of contents onlyuhttp://www.loc.gov/catdir/enhancements/fy0826/2007927162-t.html 2ddccBB c11725d11725 00102ddc40708AlahramaMAINbMAINc1STd2009-06-03epurchaseg560.00h380l0o621.36 LIZp000016575r2025-07-15 00:00:00yBB